01876cam a2200313 a 4500001000800000005001700008008004100025010001700066020002800083040001800111050001600129082001600145245008400161250001200245260005300257300003700310440003800347440005700385504005300442505067700495650002301172650003301195650002601228650002601254700002401280856009601304856008801400856007401488397846320210414113922.0950323s1995 caua b 001 0 eng  a 95014580  a0787901024 (alk. paper) aDLCcDLCdDLC00aHD4904.C45300a306.3/622004aThe changing nature of work /cAnn Howard, editor ; foreword by Sheldon Zedeck. a1st ed. aSan Francisco :bJossey-Bass Publishers,cc1995. axxviii, 590 p. :bill. ;c24 cm. 4aThe Jossey-Bass management series 4aThe Jossey-Bass social and behavioral science series aIncludes bibliographical references and indexes. aContents: Connections: A Framework for work change -- The Political context of employment -- Work: Technology and the organization of work -- New manufacturing initiatives and shopfloor job design -- Technological changes in office jobs -- Workers: Human resources and their skills -- Advancing personnel selection and placement methods -- Changing individual organization attachment -- Careers as lifelong learning -- Working: When people get out of the job -- Leadership in the twenty-first century -- Changing conceptions and practices in performance appraisal -- Reflections: Post-industrial lives: New demands, new prescriptions -- Rethinking the psychology of work. 0aWorkxForecasting. 0aWorkxPsychological aspects. 0aIndustrial sociology. 0aIndustrial relations.1 aHoward, Ann,d1939-423Contributor biographical informationuhttp://www.loc.gov/catdir/bios/wiley042/95014580.html423Publisher descriptionuhttp://www.loc.gov/catdir/description/wiley034/95014580.html4 3Table of Contentsuhttp://www.loc.gov/catdir/toc/onix06/95014580.html